000 00631nam a22002297a 4500
003 OSt
005 20231213125545.0
008 231213b |||||||| |||| 00| 0 eng d
020 _a0415269962
040 _cDDC
082 _a808 BAR 2002
100 _aBarrass, Robert
_916860
245 _aScientists Must Write: a guide to better writing for scientists, engineers and students
250 _a2nd ed.
260 _aLondon; Routledge, 2002
300 _axvi, 204p; Ill: 21.5cm
504 _aReferences, & index included
650 _aLiterature
_95843
650 _2Scientists
650 _2Engineers
942 _2z
_cO_SHELF
999 _c8246
_d8246